Quizzes
Events
Quiz Creation
Community
Videos
Private Events
Remove Ads
Sign In
Join for FREE
Feedback
Dark Mode
Quiz Categories
Sports
Geography
Music
Movies
Television
Just For Fun
Miscellaneous
History
Literature
Language
Science
Gaming
Entertainment
Religion
Holiday
For Kids
Quiz Lab
Recent
Popular Today
Quiz Kudos Today
Editor Picks
Curator Picks
Quizzes by...
Day
Popularity
Type
Ratings
Length
Year
Community
Subscriptions
Recent Discussions
Orange Saloon
Badges
Playlists
Quests
Create
Leaderboards
Showdown
Live 5
Trivia Bingo
Activity
Puzzle Library
Sporcle Events
Private Events
Virtual Trivia
Globe League
Become a Host
Pub Owners
SporcleCon
Opinionation
Our Games
Videos
Blog
Mobile Apps
Partnerships
Remove Ads and Go Orange
Feedback
Music
Pop Music
The Beatles
Song
Album
Lyrics
Bands
Singers
Artist
Clip
Rock
Rap
Classical
Billboard
Country Music
Kpop
Taylor Swift
Music
Pop Music
The Beatles
Song
Album
Lyrics
Bands
Singers
Artist
Clip
Rock
Rap
Classical
Billboard
Country Music
Kpop
Taylor Swift
Random Quiz
Search Sporcle
×
Quiz Lab
Quiz Lab
Music
Pop Punk
Type in answers that appear in a list
Type in answers that appear in a list
Classic
Best Score? Go Orange.
'You Know What They Do...' My Chemical Romance Lyrics Stats
Can you name the lyrics to My Chemical Romance's 'You Know What They Do To Guys Like Us In Prison'?
By
mycaruba
9m
300 Questions
1,029 Plays
1,029 Plays
1,029 Plays
Comments
Comments
Give Quiz Kudos
Give Quiz Kudos
-
- Ratings
hide this ad
Replay
Link that replays current quiz
Next Quiz
Link to next quiz in quiz playlist
You Got
0%
They Got
Avg Score
85%
Avg Friend Score
Upgrade to see
Score Distribution
Jump to the score distribution portion of the page
Score
0/300
Timer
09:00
1
Play Today
% Correct
the
99.2%
the
99.2%
the
99.2%
the
99.2%
the
99.2%
the
99.2%
the
99.2%
the
99.2%
the
99.2%
a
98.8%
a
98.8%
a
98.8%
a
98.8%
a
98.8%
a
98.8%
I
98.8%
I
98.8%
I
98.8%
I
98.8%
I
98.8%
a
98.8%
I
98.8%
I
98.8%
a
98.8%
I
98.8%
I
98.8%
I
98.8%
I
98.8%
I
98.8%
I
98.8%
a
98.8%
I
98.8%
I
98.8%
(I
98.8%
(I
98.8%
In
98.3%
In
98.3%
in
98.3%
in
98.3%
in
98.3%
in
98.3%
of
98.2%
of
98.2%
of
98.2%
of
98.2%
of
98.2%
of
98.2%
They
98.2%
They
98.2%
they
98.2%
they
98.2%
they
98.2%
you
98%
you
98%
you
98%
you?
98%
you
98%
me
97.6%
me
97.6%
me
97.6%
me
97.6%
fight
97.4%
your
97.2%
your
97.2%
Your
97.2%
your
97.2%
your
97.2%
your
97.2%
your
97.2%
your
97.2%
your
97.2%
middle
97.1%
gun
97%
with
97%
with
97%
say
96.8%
never
96.8%
never
96.8%
say
96.8%
say
96.8%
say
96.8%
go
96.5%
go
96.5%
do
96.4%
Do
96.4%
'Come
96.1%
high'
95.5%
center
95.4%
like
95.3%
arms
95.2%
gonna
95.1%
gonna
95.1%
To
95%
to
95%
to
95%
To
95%
Well
94.9%
Well
94.9%
well
94.9%
well
94.9%
% Correct
Well
94.9%
well
94.9%
Well
94.9%
well
94.9%
get
94.8%
raised
94.4%
restaurant
93.1%
bullet
93.1%
they're
91.9%
will
91.9%
will
91.9%
Will
91.9%
this
91.7%
this
91.7%
this
91.7%
this
91.7%
through
91.6%
be
91.5%
doves
91.1%
On
91%
on
91%
prayer
90.7%
prayer
90.7%
again
90.5%
again
90.5%
know
90.1%
know
90.1%
can
90%
can
90%
And
89.9%
flock
89.9%
and
89.9%
and
89.9%
And
89.9%
and
89.9%
And
89.9%
just
89.8%
just
89.8%
just
89.8%
just
89.8%
same
89.7%
don't
89.5%
don't
89.5%
don't
89.5%
but
89.4%
But
89.4%
but
89.4%
but
89.4%
But
89.4%
can't
88.8%
can't
88.8%
can't
88.8%
can't
88.8%
can't
88.8%
can't
88.8%
life
88%
Life
88%
mother's
87.5%
us
87.5%
my
87.5%
My
87.5%
my
87.5%
us
87.5%
my
87.5%
my
87.5%
war
85.2%
against
85.2%
made
85.1%
made
85.1%
Now
84.8%
Now
84.8%
Now
84.8%
now
84.8%
Now
84.8%
now
84.8%
now
84.8%
Now
84.8%
now
84.8%
now
84.8%
now
84.8%
as
84.7%
as
84.7%
faith
84.4%
Too
84.3%
too
84.3%
Too
84.3%
too
84.3%
How
84%
How
84%
God
83.9%
God
83.9%
much
83.8%
much
83.8%
make
83.7%
make
83.7%
lips
82.9%
lips
82.9%
kiss
82.7%
kiss
82.7%
for
82.5%
% Correct
for
82.5%
for
82.5%
I'm
82.2%
eyes
82.1%
not
81.9%
not
81.9%
enough
81.5%
enough
81.5%
if
80.4%
if
80.4%
late
80.4%
late
80.4%
myself?
79.8%
myself
79.8%
wish
79.2%
wish
79.2%
dying
79.1%
dying
79.1%
or
78.5%
Or
78.5%
or
78.5%
or
78.5%
wage
78.2%
push-ups
78.2%
had
77.3%
had
77.3%
'So
76.8%
drag
76.6%
two
76.4%
two
76.4%
nobody
76.3%
nobody
76.3%
we're
75.9%
we're
75.9%
men
75.2%
men
75.2%
all
75.1%
all
75.1%
ask
74.9%
losing
74.4%
losing
74.4%
remember
73.9%
remember
73.9%
room
73.4%
I'll
73.4%
you're
73.1%
want
73%
am
72.9%
long'
72.7%
have
72.5%
dare
72%
chair?
71.8%
mom
71.7%
give
71.5%
is
71.5%
from
71.2%
injection
70.9%
cares
70.6%
miss
70.3%
I've
69.5%
knows
69.3%
lethal
69.1%
down
69%
down
69%
keys
68.8%
yourself
68.5%
rope
68.5%
hotel?
68.5%
friends
68%
killer
67.8%
Ah
67.7%
cell
67.6%
dead
67.6%
won't
67.6%
trouble
67.4%
dream
66.7%
heart
66.6%
are
66.6%
heart
66.6%
mate's
66.4%
What
66.4%
fire!
66.2%
FIRE!
66.2%
by
66.1%
seen
65.8%
swing
64.9%
motherf*****
62.8%
lost
62.4%
Why
62%
Pain
61.1%
Pain
61.1%
Cause
61%
checkers
60.8%
at
58.2%
cards
56.3%
cheat
55%
string
40.9%
yeah!
40.1%
explain)
27.4%
complain)
26.6%
Quiz Playlist
Details
Report
Send in Message
Add To Playlist
Classic:
Type in answers that appear in a list
Last Updated: Feb 16, 2017
Quiz Scoreboard
CHALLENGE
Sign Up to Join the Scoreboard
Show All
Scores
Hide
Comments
May contain spoilers
Recently Published
9x9 Crossword: Cartoon Network
by jackfrog10
Miscellaneous
3m
College Basketball Coaching Resumes
by pancakes188
Sports
9m
Billboard Blitz: Fleetwood Mac
by CooCooCachoo
Music
15s
More to Explore
Quiz From the Vault
Featured Blog Post
Where Did the Easter Bunny Come From?
hide this ad
You Might Also Like...
Tags
emo
Emo Band
Figure Out the Lyrics
mcr
My Chemical Romance
Pop Punk
Today's Top Quizzes in Music
Browse Music
hide this ad
Today's Top Quizzes in Pop Punk
Browse Pop Punk
Top Contributed Quizzes in Music
1
Taylor Swift All Songs (2024)
2
Guess the Artist- 70s Songs
3
7-to-1: Billboard Hot 100 #1 Hits of 2010s
4
Sorting Albums and Songs
5
Taylor Swift Logic Puzzle
6
KPOP LOGIC QUIZ
7
Guess the Taylor Swift song (Mystery Song)
8
Guess The Taylor Swift Lyrics Song #1
9
Billboard Blitz: ABBA
10
One Thing in Common: Music
Explore More
Trending Topics
NBA
Anime
Harry Potter
Kpop
Disney
Crossword
Marvel
WWE
Pokémon
The Office
Song
Country
Puzzle
Soccer
NFL
hide this ad
More By:
mycaruba
Quiz
Plays
Rating
Category
Featured
Created
Steven Universe 'Here Comes A Thought' lyrics
3,391
5.00
Music
Aug 29, 2016
'But It's Better If You Do' Panic! At The Disco lyrics
1,929
4.78
Music
Aug 29, 2016
'We Are The Crystal Gems' Steven Universe Lyrics
1,590
4.86
Music
Aug 31, 2016
'Alone Together' lyrics by Fall Out Boy
1,489
5.00
Music
Aug 9, 2016
'The Ghost of You' Lyrics by My Chemical Romance
1,437
5.00
Music
Aug 1, 2016
Go to Creator's Profile
Score Distribution
Quiz Creator Spotlight
mycaruba
Follow
Send a Message
Quizzes Created
-
Created Quiz Play Count
-
More By This Creator
Popular Quizzes Today
1
Find the US States - No Outlines Minefield
2
Find the Countries of Europe - No Outlines Minefield
3
The Countries of the World
4
Find the US States
5
Risky Map Clicking: Biggest States A-Z
6
US States
7
Popular People in 1961
8
Movies - When Are They Set?
More Music Quizzes
Are you a true Swiftie?
Quiz Lab
Trending Quizzes
Risky Map Clicking: Least Populous States A-Z
1-10 Letter G Words
1-10 Letter F Words
Risky Map Clicking: Next State Alphabetically
Adjectives in 80s TV Shows
Recently Updated
Leaping Animals
pecheneg
Reality TV Shows (A-Z)
bhenderson79
Rickey Henderson's Hall of Fame Teammates
pecheneg
Champions League XIs: Arsenal
pecheneg
Quick Pick: Celebrities in WWE's Hall of Fame
aduchscher
A-Z Keypad Blitz II
pecheneg
Multiple Oscar Actors
pecheneg
Mystery Phrase Blitz: Oscar 'Best Actors'
pecheneg
F. Scott Fitzgerald Novels
LTH
Pick 3 Villains
ddd62291
Trending Topics
Crossword
NBA
Anime
Kpop
Harry Potter
Disney
Marvel
The Office
Pokémon
Soccer
NFL
Puzzle
Country
WWE
Song
Your Account Isn't Verified!
In order to create a playlist on Sporcle, you need to verify the email address you used during registration. Go to your
Sporcle Settings
to finish the process.
Report this User
Report this user for behavior that violates our
Community Guidelines
.
Details:
Send Report
Go to the Sporcle.com Mobile Site →
Comments